Les 50 plus grandes villes de Bretagne sur une carte - Statistiques

Statistiques générales
  • Ce quiz a été pris 166 fois
  • Le résultat moyen est 26 sur 50
Réponses sur la Carte
Les réponses sont colorées sur une échelle allant du rouge au vert en fonction du pourcentage des utilisateurs qui les ont devinées à leur premier essai. Vous pouvez retrouver ces pourcentages ci-dessous.
 
Statistiques - réponses
Population Commune % Correct
140 993 Brest
99%
227 830 Rennes
99%
47 255 Saint-Malo
98%
64 530 Quimper
97%
54 955 Vannes
97%
58 202 Lorient
95%
325 070 Nantes
95%
44 607 Saint-Brieuc
95%
73 111 Saint-Nazaire
83%
20 632 Concarneau
80%
20 602 Fougères
77%
14 966 Dinan
76%
20 525 Lannion
69%
15 220 Morlaix
69%
14 547 Pontivy
69%
14 188 Douarnenez
61%
16 327 Landerneau
58%
14 417 Auray
56%
12 444 Quimperlé
55%
16 613 La Baule-Escoublac
52%
50 561 Saint-Herblain
52%
18 892 Vitré
52%
43 349 Rezé
51%
18 382 Pornic
50%
23 188 Lanester
49%
18 076 Cesson-Sévigné
46%
13 431 Plougastel-Daoulas
45%
15 831 Hennebont
44%
19 667 Bruz
42%
12 231 Châteaubriant
41%
16 684 Guérande
40%
15 401 Guipavas
40%
16 911 Lamballe-Armor
40%
28 341 Orvault
38%
20 535 Carquefou
37%
18 873 Ploemeur
35%
12 530 Pornichet
34%
13 593 Saint-Jacques-de-la-Lande
29%
28 373 Saint-Sébastien-sur-Loire
29%
12 236 Guidel
27%
14 645 Saint-Brevin-les-Pins
24%
20 483 La Chapelle-sur-Erdre
23%
12 775 Betton
22%
13 437 Plouzané
21%
14 527 Plérin
20%
26 048 Vertou
20%
20 590 Bouguenais
19%
12 173 Saint-Avé
18%
16 227 Sainte-Luce-sur-Loire
18%
23 541 Couëron
16%
Aucun quiz correspondant
Distribution des résultats
% des personnes avec chaque résultat
Percentile par nombre de réponses
Votre historique - résultats
Vous n’avez pas pris ce quiz